[Event "Hoogovens"]
[Site "Wijk aan Zee"]
[Date "1984.01.25"]
[Round "10"]
[White "Sosonko, Gennadi"]
[Black "Adorjan, Andras"]
[Result "1-0"]
[WhiteElo "2560"]
[BlackElo "2570"]
[Annotator "Bulletin"]
[PlyCount "107"]
[EventDate "1984.01.13"]
[EventType "tourn"]
[EventRounds "13"]
[EventCountry "NED"]
[EventCategory "13"]
[Source "ChessBase"]
[SourceDate "1999.07.01"]
[WhiteTeamCountry "URS"]
[BlackTeamCountry "HUN"]

1. d4 Nf6 2. c4 e6 3. g3 c5 4. d5 exd5 5. cxd5 b5 6. Bg2 d6 (6... Bb7 $5) 7. b4
cxb4 8. a3 bxa3 9. Nxa3 Qd7 (9... Bd7 $5) 10. Qb3 Na6 11. Qxb5 (11. Bh3) 11...
Rb8 12. Qxd7+ Bxd7 13. Nc2 $1 Nc5 14. Rxa7 Be7 (14... Rb1 15. Ra1 $1 $16) (
14... Bf5 15. Na3 $1 $16) 15. Nf3 Nxd5 16. Nfd4 Nc3 17. Nc6 Rc8 (17... Bxc6 18.
Bxc6+ Kf8 19. Nd4 $16) 18. Nxe7 Kxe7 19. Nd4 $16 N3e4 20. O-O g6 (20... Ra8 21.
Nf5+ Kf6 22. Rxd7 $18) 21. f3 Nc3 22. Bg5+ $1 f6 23. Bd2 Nd5 (23... Ne6 24.
Nxe6 Kxe6 25. Bh3+ f5 26. e4 $18) 24. f4 Nb6 (24... Rc7 25. Rfa1) 25. Rd1 Rhe8
26. Nb5 $1 {/\ Nd6} Nc4 $8 27. Bb4 Rb8 28. Bc6 Rb6 29. Bxd7 Nxd7 30. Nc7 $18
Reb8 (30... Ne3 31. Rd3) 31. Nd5+ Ke6 32. Nxb6 Rxb6 33. Bc3 Ne3 34. Rc1 Nd5 35.
Bd4 Rb4 $138 36. e4 (36. e3 $1) 36... Ne7 (36... Nxf4 37. gxf4 Rxd4 38. Rcc7
$18) 37. Bf2 Nb8 $1 38. e5 $2 (38. Re1 Nbc6 39. Rc7 $18) 38... fxe5 39. fxe5
Nec6 $1 $8 (39... dxe5 40. Rxe7+ $18) (39... Nbc6 40. exd6 Nxa7 41. dxe7 $18)
40. Rxh7 Nxe5 41. Rc8 $2 (41. Rc2 $1) 41... Nbd7 (41... Rb2 $1 $44) 42. Rc2 $1
Nf6 43. Ra7 Ne4 44. Ra3 d5 45. Re2 $1 (45. Kg2 d4 $44) 45... Kf5 46. Kg2 Rb1 (
46... d4 $2 47. g4+ Nxg4 (47... Kf4 48. Bg3+ $18) 48. Ra5+ Ne5 49. Bg3 $18) 47.
h3 Nc4 48. Ra8 Rb3 49. Rf8+ Kg5 50. Rf3 Rb5 (50... Rxf3 51. Kxf3 Ncd2+ 52. Kg2
Kf5 53. g4+ Ke5 54. Bg3+ Kd4 55. h4 $18) 51. Bd4 Rb1 52. Rf4 Rd1 $2 (52... Kh6
53. Rc2 Re1 54. h4 $18) 53. Rexe4 Rd2+ 54. Kf1 (54. Kf1 dxe4 55. Bf6+ {/\ Rh4#}
) 1-0

[Event "Hoogovens"]
[Site "Wijk aan Zee"]
[Date "1984.01.27"]
[Round "12"]
[White "Adorjan, Andras"]
[Black "Tukmakov, Vladimir"]
[Result "1/2-1/2"]
[WhiteElo "2570"]
[BlackElo "2550"]
[Annotator "Bulletin"]
[PlyCount "77"]
[EventDate "1984.01.13"]
[EventType "tourn"]
[EventRounds "13"]
[EventCountry "NED"]
[EventCategory "13"]
[Source "ChessBase"]
[SourceDate "1999.07.01"]
[WhiteTeamCountry "URS"]
[BlackTeamCountry "HUN"]

1. c4 e5 2. Nc3 d6 3. d4 Nd7 4. Nf3 c6 5. g3 Ngf6 6. Bg2 Be7 7. O-O O-O 8. Qc2
Re8 9. b3 Bf8 10. Bb2 Qc7 $6 (10... e4 $2 11. Ng5 d5 12. cxd5 cxd5 13. Nb5 h6
14. Nc7 hxg5 15. Nxa8 Bd6 16. Rac1 $16) (10... a6 $5) 11. Rac1 h6 (11... e4 $2
12. Ng5 d5 13. cxd5 cxd5 14. Nxd5 $16) (11... Qb8) 12. e3 a6 13. Rfd1 exd4 $6 (
13... Qb8 $5) 14. Nxd4 (14. exd4 $14) 14... g6 $6 15. h3 (15. Ne4 $5) 15... Bg7
16. Qb1 $5 (16. e4) (16. Ne4) 16... Nc5 17. b4 (17. Qa1 a5 18. Nxc6 (18. Ndb5
cxb5 19. Nxb5 Qe7) 18... bxc6 19. Nb5 cxb5 20. Bxa8 Bxh3) 17... Ncd7 (17... Ne6
$2 18. Nd5) 18. Qa1 Ne5 19. Nce2 Qe7 20. Kh2 Bd7 21. Nf3 $2 (21. c5 d5 22. Nf3)
21... Bxh3 $1 22. Nxe5 (22. Kxh3 Neg4 23. Rf1 Ne4 (23... Qe6 $1 $40) 24. Bxg7
Nexf2+ 25. Rxf2 Nxf2+ 26. Kh2 $13) 22... Bxg2 23. Nxg6 fxg6 24. Kxg2 Qe4+ 25.
Kg1 Qf3 (25... Ng4 26. Nf4 $1 (26. Bxg7 $2 Qf3 27. Rf1 Qxe2 $17) 26... Qf3 27.
Rd2) 26. Bxf6 (26. Nd4 Qh5 $17) (26. Nf4 Ne4 27. Rd2 Bxb2 28. Rxb2 g5 $17)
26... Bxf6 27. Nd4 Qg4 28. Qb2 (28. Qb1 Rxe3) 28... Re4 (28... c5 29. bxc5 dxc5
30. Qe2) 29. Qc2 Rf8 30. Ne2 Be5 31. Nf4 Qf5 32. Rd3 g5 33. Ng2 $138 d5 $1 $138
34. cxd5 Rc4 $1 35. Qxc4 Qxf2+ 36. Kh1 Qxg3 37. Nf4 $8 Qh4+ 38. Kg1 (38. Kg2
gxf4 {/\ f3}) 38... gxf4 $2 (38... Qg3+ 39. Kh1 Qf3+ 40. Kg1 gxf4 41. e4 Qg4+
42. Kf2 (42. Kf1 f3 $19) (42. Kh1 Qh4+ 43. Kg2 f3+ $19) 42... Qh4+ 43. Ke2 f3+
44. Rxf3 Qh2+ 45. Ke3 Bf4+ 46. Rxf4 Qxf4+ 47. Kd3 (47. Kd4 Qf2+ $19) 47... Qf2
48. dxc6+ Kh7 49. Qc2 Qf3+ $1 50. Kc4 b5+ 51. Kc5 Qe3+ 52. Kd6 Qd4+ $19) 39.
Rd2 $1 (39. Rd2 Kh8 40. Rg2 (40. Qe4) 40... Qh3 41. Qe4) 1/2-1/2

[Event "Hoogovens"]
[Site "Wijk aan Zee"]
[Date "1984.01.29"]
[Round "13"]
[White "Miles, Anthony"]
[Black "Adorjan, Andras"]
[Result "0-1"]
[WhiteElo "2610"]
[BlackElo "2570"]
[Annotator "Bulletin"]
[PlyCount "112"]
[EventDate "1984.01.13"]
[EventType "tourn"]
[EventRounds "13"]
[EventCountry "NED"]
[EventCategory "13"]
[Source "ChessBase"]
[SourceDate "1999.07.01"]
[WhiteTeamCountry "URS"]
[BlackTeamCountry "HUN"]

1. d4 Nf6 2. c4 e6 3. Nc3 Bb4 4. e3 c5 5. Nge2 cxd4 6. exd4 O-O 7. a3 Be7 8. d5
exd5 9. cxd5 Bc5 10. b4 Bb6 11. Na4 d6 12. Nxb6 axb6 $5 (12... Qxb6 13. Be3 $16
) 13. g3 $6 Re8 14. Bg2 Bg4 15. Be3 Nbd7 16. h3 (16. O-O Ne5 17. h3 Bf3 18.
Bxf3 Nxf3+ 19. Kg2 Ne5 $15) 16... Bf5 17. O-O Rc8 18. Ra2 h6 $6 (18... Be4 $15)
19. Bd4 Rc4 $5 20. Nc3 Ne5 21. g4 $1 Bh7 (21... Nd3 $2 22. gxf5 Rxd4 23. Nb5
$18) 22. Rd2 Ng6 $1 23. Re1 (23. f4 Nh4 24. f5 Nxg2 25. Rxg2 Ne4 $17) 23...
Rxe1+ 24. Qxe1 Nd7 25. Qe3 h5 $5 $138 26. gxh5 Nh4 27. Qe2 $1 b5 $1 $8 28. h6
$1 (28. Nxb5 $6 Rc1+ 29. Kh2 (29. Rd1 Qg5 $19) 29... Nxg2 30. Qg4 (30. Kxg2 $2
Qg5+ 31. Qg4 Be4+ $1 $19) 30... Nf6 31. Qxg2 Nxh5 $44) 28... Nxg2 (28... Bf5
29. hxg7 $1 Nxg2 30. Qh5 $18) (28... gxh6 29. Qe3 $1 $16) 29. Kxg2 $2 $138 (29.
Qg4 $1 Bg6 30. Kxg2 $16) 29... Bf5 $1 30. Qe3 (30. hxg7 Qg5+ 31. Kh1 Ne5 $1 $17
) 30... Qh4 31. hxg7 (31. Qe8+ $2 Nf8 32. hxg7 Bxh3+ 33. Kh2 Bd7+ $19) 31...
Nf6 32. f4 Kh7 $1 $8 {/\ Rc8-g8} 33. Qg3 $4 (33. Bxf6 Qxf6 34. Ne2) 33... Qxg3+
34. Kxg3 Rxc3+ $1 35. Bxc3 Ne4+ 36. Kh4 Nxc3 $19 37. Rg2 Kg8 38. Kg5 Be4 39.
Rg3 Nxd5 40. Kh6 Ne7 $1 41. Rc3 Nf5+ 42. Kg5 Kxg7 43. Rc8 Nd4 44. Re8 Ne6+ 45.
Kg4 Bc6 46. Rb8 Nd4 47. f5 $2 Kf6 48. h4 Nxf5 49. h5 Ne3+ 50. Kh4 d5 51. Rd8 (
51. h6 Nf5+ 52. Kh5 d4 53. h7 Bf3#) 51... d4 52. Rd6+ Ke5 53. h6 Nf5+ 54. Kh3
Nxh6 55. Rxh6 d3 56. Rh5+ f5 0-1

[Event "HUN-ch"]
[Site "Hungary"]
[Date "1984.??.??"]
[Round "1"]
[White "Utasi, Tamas"]
[Black "Adorjan, Andras"]
[Result "0-1"]
[WhiteElo "2350"]
[BlackElo "2570"]
[PlyCount "48"]
[EventDate "1984.03.??"]
[EventType "tourn"]
[EventRounds "11"]
[EventCountry "HUN"]
[EventCategory "10"]
[Source "ChessBase"]
[SourceDate "1999.07.01"]
[WhiteTeamCountry "URS"]
[BlackTeamCountry "HUN"]

1. d4 Nf6 2. Nf3 e6 3. Bg5 c5 4. e3 Be7 5. Nbd2 b6 6. dxc5 bxc5 7. e4 Nc6 8.
Bb5 Bb7 9. O-O O-O 10. e5 Nd5 11. Bxe7 Ncxe7 12. c4 Nb6 13. Ba4 Nxa4 14. Qxa4
Ng6 15. Rad1 f6 16. Qb3 Qc7 17. exf6 Rxf6 18. Qe3 Nf4 19. Ne4 Rg6 20. Ne1 Rf8
21. f3 Qe5 22. Kh1 Rh6 23. Qxc5 d5 24. Nf2 Rxh2+ 0-1

[Event "HUN-ch"]
[Site "Hungary"]
[Date "1984.??.??"]
[Round "3"]
[White "Adorjan, Andras"]
[Black "Schneider, Attila"]
[Result "1-0"]
[WhiteElo "2570"]
[BlackElo "2415"]
[PlyCount "65"]
[EventDate "1984.03.??"]
[EventType "tourn"]
[EventRounds "11"]
[EventCountry "HUN"]
[EventCategory "10"]
[Source "ChessBase"]
[SourceDate "1999.07.01"]
[WhiteTeamCountry "URS"]
[BlackTeamCountry "HUN"]

1. c4 Nf6 2. Nc3 c5 3. Nf3 e6 4. g3 b6 5. Bg2 Bb7 6. O-O Be7 7. d4 cxd4 8. Qxd4
d6 9. Rd1 a6 10. Ng5 Bxg2 11. Kxg2 Nc6 12. Qf4 Ra7 13. b3 Rd7 14. Bb2 O-O 15.
Nce4 Ne8 16. Nf3 Qa8 17. Kg1 Rd8 18. Qe3 b5 19. Rac1 bxc4 20. bxc4 Qb7 21. Ba3
Nb4 22. Rb1 a5 23. Bxb4 axb4 24. a3 Qc8 25. axb4 Qxc4 26. Rdc1 Qd5 27. Nd4 Nf6
28. Nc6 Qxe4 29. Nxe7+ Kh8 30. Qxe4 Nxe4 31. Rc7 d5 32. b5 Nd2 33. Rb4 1-0

[Event "HUN-ch"]
[Site "Hungary"]
[Date "1984.??.??"]
[Round "4"]
[White "Csom, Istvan"]
[Black "Adorjan, Andras"]
[Result "1/2-1/2"]
[WhiteElo "2505"]
[BlackElo "2570"]
[PlyCount "98"]
[EventDate "1984.03.??"]
[EventType "tourn"]
[EventRounds "11"]
[EventCountry "HUN"]
[EventCategory "10"]
[Source "ChessBase"]
[SourceDate "1999.07.01"]
[WhiteTeamCountry "URS"]
[BlackTeamCountry "HUN"]

1. d4 Nf6 2. c4 e6 3. Nc3 Bb4 4. e3 c5 5. Nge2 cxd4 6. exd4 O-O 7. a3 Be7 8. d5
exd5 9. cxd5 Re8 10. d6 Bf8 11. g3 b6 12. Bg2 Nc6 13. Bf4 Ba6 14. O-O Rc8 15.
Re1 Ne5 16. Qa4 Bxe2 17. Rxe2 Nd3 18. Rd2 Nxf4 19. Qxf4 Re6 20. Bh3 Re8 21.
Rad1 Rc5 $13 22. Rd3 Qc8 23. Bg2 Rce5 24. Bf3 Re1+ 25. Kg2 Rxd1 26. Rxd1 Re6
27. Nb5 a6 28. Rc1 Qb8 29. Nd4 Bxd6 30. Qd2 Re5 31. Qd3 Bc5 32. Qxa6 Re8 33.
Nb3 Qe5 34. Rc2 g5 35. Qc4 d5 36. Qa4 d4 37. Re2 Qxe2 38. Bxe2 Rxe2 39. Nxd4
Rxb2 40. g4 Kg7 41. Qc4 Rd2 42. Ne2 Bxa3 43. h4 h6 44. Ng3 Bc5 45. Nf5+ Kf8 46.
Qc3 Rxf2+ 47. Kh3 Rxf5 48. gxf5 g4+ 49. Kg2 Kg7 1/2-1/2

[Event "HUN-ch"]
[Site "Hungary"]
[Date "1984.??.??"]
[Round "5"]
[White "Adorjan, Andras"]
[Black "Lukacs, Peter"]
[Result "1/2-1/2"]
[WhiteElo "2570"]
[BlackElo "2470"]
[PlyCount "65"]
[EventDate "1984.03.??"]
[EventType "tourn"]
[EventRounds "11"]
[EventCountry "HUN"]
[EventCategory "10"]
[Source "ChessBase"]
[SourceDate "1999.07.01"]
[WhiteTeamCountry "URS"]
[BlackTeamCountry "HUN"]

1. c4 e6 2. Nc3 d5 3. d4 c6 4. e4 dxe4 5. Nxe4 Bb4+ 6. Nc3 c5 7. a3 Bxc3+ 8.
bxc3 Nf6 9. Nf3 O-O 10. Bd3 b6 11. O-O Bb7 12. Bg5 Nbd7 13. Ne5 Qc7 14. Re1
cxd4 15. Nxd7 Nxd7 16. cxd4 Rfe8 17. Qg4 Rac8 18. Bh6 g6 19. h4 Qd6 20. Rad1
Qxa3 21. Qg3 e5 22. dxe5 Nc5 23. Qg5 Ne6 24. Qf6 Rcd8 25. Be2 Rxd1 26. Rxd1 Qe7
27. Qxe7 Rxe7 28. Bg4 Bc6 29. Rd6 Be8 30. f4 Rd7 31. Rxe6 fxe6 32. Bxe6+ Kh8
33. Bxd7 1/2-1/2

[Event "HUN-ch"]
[Site "Hungary"]
[Date "1984.??.??"]
[Round "6"]
[White "Portisch, Lajos"]
[Black "Adorjan, Andras"]
[Result "1-0"]
[WhiteElo "2625"]
[BlackElo "2570"]
[PlyCount "76"]
[EventDate "1984.03.??"]
[EventType "tourn"]
[EventRounds "11"]
[EventCountry "HUN"]
[EventCategory "10"]
[Source "ChessBase"]
[SourceDate "1999.07.01"]
[WhiteTeamCountry "URS"]
[BlackTeamCountry "HUN"]

1. d4 Nf6 2. c4 e6 3. Nf3 b6 4. e3 Bb4+ 5. Nbd2 c5 6. a3 Bxd2+ 7. Qxd2 O-O 8.
Be2 Ba6 9. dxc5 bxc5 10. b4 d5 11. b5 Bb7 12. O-O Nbd7 13. Bb2 dxc4 14. Qc2 a6
15. Bxc4 h6 16. Rfd1 Qc7 17. bxa6 Bxa6 18. Rd2 Rfb8 19. Ba2 Bb7 20. Rc1 Bd5 21.
Bxd5 Nxd5 22. h3 Qb7 23. Qc4 N5f6 24. Qf4 Qe4 25. Qg3 Qg6 26. Qc7 Rc8 27. Qd6
Rab8 28. Rdc2 Rb6 29. Qd2 Qf5 30. Bxf6 Nxf6 31. Qa5 Rb1 32. Qa6 Qxc2 33. Qxc8+
Kh7 34. Rxb1 Qxb1+ 35. Kh2 Ne4 36. Qc7 Qc2 37. Qxf7 Qxf2 38. Qf4 Nf6 1-0

[Event "HUN-ch"]
[Site "Hungary"]
[Date "1984.??.??"]
[Round "7"]
[White "Adorjan, Andras"]
[Black "Sax, Gyula"]
[Result "1-0"]
[WhiteElo "2570"]
[BlackElo "2575"]
[PlyCount "144"]
[EventDate "1984.03.??"]
[EventType "tourn"]
[EventRounds "11"]
[EventCountry "HUN"]
[EventCategory "10"]
[Source "ChessBase"]
[SourceDate "1999.07.01"]
[WhiteTeamCountry "URS"]
[BlackTeamCountry "HUN"]

1. c4 g6 2. e4 Bg7 3. d4 d6 4. Nc3 Nf6 5. f3 O-O 6. Bg5 c5 7. d5 e6 8. Nge2
exd5 9. cxd5 a6 10. a4 Nbd7 11. Ng3 Qc7 12. Bc4 Ne5 13. Be2 c4 14. Be3 Nfd7 15.
f4 Nd3+ 16. Bxd3 cxd3 17. O-O Qc4 18. Rc1 Nc5 19. Nb5 Qb4 20. Nxd6 Nxa4 21. e5
Nxb2 22. Qf3 d2 23. Rb1 Bg4 24. Qxg4 Bxe5 25. Ndf5 Bc3 26. Nh6+ Kh8 27. f5 Qxg4
28. Nxg4 d1=Q 29. Rfxd1 Nxd1 30. Rxd1 gxf5 31. Nxf5 b5 32. Rd3 b4 33. d6 h5 34.
Nf2 a5 35. Ne4 Be5 36. d7 a4 37. Bc5 Rfd8 38. Bxb4 Ra7 39. Nc5 Bf6 40. Re3 Kh7
41. Re8 Raxd7 42. Rxd8 Rxd8 43. Nxa4 Rd1+ 44. Kf2 Rc1 45. Bd2 Rc6 46. Ke2 Kg6
47. Ne3 Be5 48. h3 Bf4 49. Nc3 Bxe3 50. Kxe3 Ra6 51. Ne2 Ra3+ 52. Kf2 Ra2 53.
Be3 Kf5 54. Kf3 Ra3 55. Nf4 Kg5 56. g3 Kh6 57. Ke4 Kg5 58. Nd5+ Kg6 59. h4 Ra4+
60. Ke5 Ra5 61. Bg5 Kg7 62. Bf6+ Kh7 63. Ke4 Kg6 64. Bc3 Ra3 65. Ne7+ Kh7 66.
Be5 Ra7 67. Nd5 Ra6 68. Nf4 Kh6 69. Kf5 Ra3 70. Nh3 Ra6 71. Nf2 Rb6 72. Ne4 Re6
1-0

[Event "HUN-ch"]
[Site "Hungary"]
[Date "1984.??.??"]
[Round "8"]
[White "Farago, Ivan"]
[Black "Adorjan, Andras"]
[Result "1/2-1/2"]
[WhiteElo "2525"]
[BlackElo "2570"]
[PlyCount "127"]
[EventDate "1984.03.??"]
[EventType "tourn"]
[EventRounds "11"]
[EventCountry "HUN"]
[EventCategory "10"]
[Source "ChessBase"]
[SourceDate "1999.07.01"]
[WhiteTeamCountry "URS"]
[BlackTeamCountry "HUN"]

1. d4 Nf6 2. c4 e6 3. Nf3 b6 4. g3 Ba6 5. b3 Bb4+ 6. Bd2 Be7 7. Nc3 O-O 8. Bg2
c6 9. d5 exd5 10. cxd5 Nxd5 11. Nxd5 cxd5 12. Bc3 Nc6 13. O-O Bf6 14. Rc1 Rc8
15. Bxf6 Qxf6 16. Rc2 Rfe8 17. Rd2 d4 18. Re1 h6 19. Bh3 Re7 20. Nxd4 Nxd4 21.
Rxd4 Rxe2 22. Rxe2 Bxe2 23. Qd2 Bb5 24. Bf1 Bxf1 25. Kxf1 Qf5 26. Rxd7 Rc2 27.
Rd8+ Kh7 28. Qe3 Rxa2 29. Kg2 Rb2 30. h4 Qc2 31. Rd3 Qc6+ 32. Qf3 Qxf3+ 33.
Rxf3 a5 34. h5 Kg8 35. Rc3 Kf8 36. g4 Ke7 37. Rc7+ Ke8 38. Rc8+ Kd7 39. Rg8
Rxb3 40. Rxg7 Ke7 41. Rh7 a4 42. Rxh6 a3 43. Rh8 Rb5 44. h6 a2 45. h7 a1=Q 46.
Rg8 Rb4 47. h8=Q Rxg4+ 48. Kh3 Qxh8+ 49. Rxh8 Rd4 50. Rb8 Rd6 51. Kg4 Kd7 52.
Rb7+ Ke6 53. f4 f6 54. Rb8 Rc6 55. Rb7 Kd5 56. Kf5 Kc4 57. Rf7 b5 58. Rxf6
Rxf6+ 59. Kxf6 b4 60. f5 b3 61. Kg7 b2 62. f6 b1=Q 63. f7 Qb7 64. Kg8 1/2-1/2

[Event "HUN-ch"]
[Site "Hungary"]
[Date "1984.??.??"]
[Round "9"]
[White "Adorjan, Andras"]
[Black "Horvath, Tamas"]
[Result "1-0"]
[WhiteElo "2570"]
[BlackElo "2440"]
[PlyCount "55"]
[EventDate "1984.03.??"]
[EventType "tourn"]
[EventRounds "11"]
[EventCountry "HUN"]
[EventCategory "10"]
[Source "ChessBase"]
[SourceDate "1999.07.01"]
[WhiteTeamCountry "URS"]
[BlackTeamCountry "HUN"]

1. d4 c5 2. d5 Nf6 3. Nc3 g6 4. e4 d6 5. Nf3 Bg7 6. Bb5+ Nbd7 7. a4 O-O 8. O-O
a6 9. Be2 Rb8 10. Re1 Ne8 11. Bf4 Nc7 12. a5 b5 13. axb6 Rxb6 14. Qc1 e5 15.
Bh6 Bxh6 16. Qxh6 Qe7 17. Ng5 f5 18. Ne6 Nxe6 19. dxe6 Nf6 20. Nd5 Nxd5 21.
exd5 Rxb2 22. Bxa6 Rxc2 23. h4 Bxa6 24. Rxa6 Rc4 25. Qg5 Qxg5 26. hxg5 Rd8 27.
Rea1 Rb4 28. Rxd6 1-0

[Event "HUN-ch"]
[Site "Hungary"]
[Date "1984.??.??"]
[Round "10"]
[White "Groszpeter, Attila"]
[Black "Adorjan, Andras"]
[Result "0-1"]
[WhiteElo "2490"]
[BlackElo "2570"]
[PlyCount "78"]
[EventDate "1984.03.??"]
[EventType "tourn"]
[EventRounds "11"]
[EventCountry "HUN"]
[EventCategory "10"]
[Source "ChessBase"]
[SourceDate "1999.07.01"]
[WhiteTeamCountry "URS"]
[BlackTeamCountry "HUN"]

1. d4 Nf6 2. Nf3 e6 3. e3 c5 4. Bd3 b6 5. O-O Bb7 6. b3 Nc6 7. Bb2 Be7 8. Nbd2
O-O 9. a3 cxd4 10. exd4 Re8 11. Re1 Rc8 12. Rc1 d6 13. c4 Nb8 14. Nf1 Nbd7 15.
Ne3 Bf8 16. d5 exd5 17. cxd5 Rxc1 18. Bxc1 Qa8 19. Bb5 Rd8 20. Bc4 a6 21. a4
Ne5 22. Bb2 b5 23. axb5 axb5 24. Bxb5 Nxd5 25. Nh4 Nf4 26. Bf1 Be7 27. Nhf5 Bf6
28. Bxe5 dxe5 29. Qg4 h5 30. Qg3 Qa5 31. Rb1 Qa2 32. Re1 Qd2 33. Ra1 Be4 34. h4
Kh7 35. Kh2 Qd7 36. Rd1 Qc7 37. Rxd8 Qxd8 38. f3 Bd3 39. Bxd3 Qxd3 0-1

[Event "New York International"]
[Site "New York"]
[Date "1984.??.??"]
[Round "1"]
[White "Sharif, Mershad"]
[Black "Adorjan, Andras"]
[Result "0-1"]
[WhiteElo "2440"]
[BlackElo "2570"]
[PlyCount "82"]
[EventDate "1984.04.??"]
[EventType "swiss"]
[EventRounds "9"]
[EventCountry "USA"]
[Source "ChessBase"]
[SourceDate "1999.07.01"]
[WhiteTeamCountry "URS"]
[BlackTeamCountry "HUN"]

1. e4 c5 2. Nf3 e6 3. Nc3 d6 4. d4 cxd4 5. Nxd4 Nf6 6. f4 a6 7. Qf3 Nbd7 8. Be3
e5 9. Nf5 g6 10. Ng3 exf4 11. Qxf4 Ne5 12. Be2 Bg7 13. O-O O-O 14. h3 Be6 15.
Rad1 Rc8 16. Bd4 Nfd7 17. Rd2 Re8 18. Rfd1 Qf6 19. Be3 Qxf4 20. Bxf4 Nb6 21.
Rb1 Nec4 22. Rd3 Nxb2 23. Rxb2 Rxc3 24. Rxd6 Nc8 25. Rxe6 fxe6 26. e5 b5 27.
Ne4 Ra3 28. c4 Nb6 29. cxb5 Nd5 30. Bh2 axb5 31. Bxb5 Rb8 32. Nf6+ Nxf6 33.
exf6 Bxf6 34. Bxb8 Bxb2 35. Bc4 Kf7 36. Bb3 Ra5 37. Bd6 Ba3 38. Bc7 Rc5 39. Bf4
Rf5 40. Bd2 Bc5+ 41. Kh2 Rf1 0-1

[Event "New York International"]
[Site "New York"]
[Date "1984.??.??"]
[Round "2"]
[White "Adorjan, Andras"]
[Black "McCambridge, Vincent"]
[Result "1/2-1/2"]
[WhiteElo "2570"]
[BlackElo "2465"]
[PlyCount "46"]
[EventDate "1984.04.??"]
[EventType "swiss"]
[EventRounds "9"]
[EventCountry "USA"]
[Source "ChessBase"]
[SourceDate "1999.07.01"]
[WhiteTeamCountry "URS"]
[BlackTeamCountry "HUN"]

1. c4 Nf6 2. Nc3 e6 3. e4 Nc6 4. d4 Bb4 5. f3 d5 6. e5 Nd7 7. cxd5 exd5 8. f4
Nf8 9. Nf3 Bg4 10. Be2 Ne6 11. Be3 O-O 12. O-O Ne7 13. Nh4 Bxe2 14. Nxe2 Nc6
15. Nf5 f6 16. Neg3 Kh8 17. Qg4 g6 18. Nh4 f5 19. Nxg6+ hxg6 20. Qxg6 Ncxd4 21.
Qh6+ Kg8 22. Bxd4 Nxd4 23. Qg6+ Kh8 1/2-1/2

[Event "New York International"]
[Site "New York"]
[Date "1984.??.??"]
[Round "3"]
[White "Dlugy, Maxim"]
[Black "Adorjan, Andras"]
[Result "0-1"]
[WhiteElo "2460"]
[BlackElo "2570"]
[PlyCount "56"]
[EventDate "1984.04.??"]
[EventType "swiss"]
[EventRounds "9"]
[EventCountry "USA"]
[Source "ChessBase"]
[SourceDate "1999.07.01"]
[WhiteTeamCountry "URS"]
[BlackTeamCountry "HUN"]

1. d4 Nf6 2. c4 e6 3. Nf3 b6 4. g3 Ba6 5. Qa4 Bb7 6. Bg2 c5 7. dxc5 Bxc5 8. O-O
O-O 9. Nc3 Be7 10. Bf4 Na6 11. Rac1 Nc5 12. Qc2 Qc8 13. Rfd1 Nce4 14. Nxe4 Bxe4
15. Qb3 Qb7 16. Bd6 Bxd6 17. Rxd6 Rac8 18. Rcd1 h6 19. Qa4 Rc5 20. R6d2 Ra5 21.
Qb3 Rc8 22. a3 Rac5 23. Qe3 Rxc4 24. Ne5 Bxg2 25. Nxc4 Rxc4 26. f3 Bh3 27. Qd3
Qc7 28. e4 d5 0-1

[Event "New York International"]
[Site "New York"]
[Date "1984.??.??"]
[Round "4"]
[White "Adorjan, Andras"]
[Black "Fedorowicz, John P"]
[Result "1/2-1/2"]
[WhiteElo "2570"]
[BlackElo "2475"]
[PlyCount "34"]
[EventDate "1984.04.??"]
[EventType "swiss"]
[EventRounds "9"]
[EventCountry "USA"]
[Source "ChessBase"]
[SourceDate "1999.07.01"]
[WhiteTeamCountry "URS"]
[BlackTeamCountry "HUN"]

1. c4 c5 2. Nf3 Nf6 3. Nc3 b6 4. e3 g6 5. Be2 Bg7 6. O-O O-O 7. d4 d6 8. b3 Nc6
9. Bb2 Bf5 10. Rc1 e5 11. dxe5 dxe5 12. Nb5 Ne4 13. Qxd8 Raxd8 14. Rfd1 g5 15.
Ne1 g4 16. Bd3 Bg6 17. Bb1 Ng5 1/2-1/2

[Event "New York International"]
[Site "New York"]
[Date "1984.??.??"]
[Round "5"]
[White "Gurevich, Dmitry"]
[Black "Adorjan, Andras"]
[Result "1-0"]
[WhiteElo "2545"]
[BlackElo "2570"]
[PlyCount "143"]
[EventDate "1984.04.??"]
[EventType "swiss"]
[EventRounds "9"]
[EventCountry "USA"]
[Source "ChessBase"]
[SourceDate "1999.07.01"]
[WhiteTeamCountry "URS"]
[BlackTeamCountry "HUN"]

1. d4 Nf6 2. c4 e6 3. Nc3 Bb4 4. e3 c5 5. Nge2 cxd4 6. exd4 O-O 7. a3 Be7 8. d5
exd5 9. cxd5 Re8 10. d6 Bf8 11. g3 b6 12. Bg2 Nc6 13. Nb5 Ba6 14. a4 Ne4 15.
Be3 Qf6 16. O-O Qxb2 17. Re1 Bxb5 18. axb5 Na5 19. Ra4 Nxd6 20. Bxa8 Rxa8 21.
Rd4 Ndc4 22. Rxd7 Qxb5 23. Nc3 Qc6 24. Bf4 Nb2 25. Qd5 Qxd5 26. Nxd5 h6 27. Re4
Nb3 28. Be3 Nc5 29. Bxc5 Bxc5 30. Rf4 Rf8 31. Rxa7 Nd3 32. Rf3 Ne5 33. Rf5 Nc6
34. Rd7 Nd4 35. Ne7+ Kh7 36. Rfd5 Ne2+ 37. Kf1 Nc3 38. Rf5 Ne4 39. Nd5 Kg8 40.
Kg2 Ng5 41. Nf4 Re8 42. h4 g6 43. Rxc5 bxc5 44. hxg5 hxg5 45. Nd5 Re5 46. Ne3
f5 47. Rc7 g4 48. Nc4 Rd5 49. Nb6 Re5 50. Na4 c4 51. Nb2 c3 52. Nd3 Re6 53.
Rxc3 Kg7 54. Nf4 Rd6 55. Rc7+ Kf6 56. Rb7 Kg5 57. Rg7 Rb6 58. Re7 Rb8 59. Re6
Rg8 60. Nd5 Rg7 61. Kf1 Kh6 62. Ke2 Kg5 63. Ke3 Kh6 64. Kd4 Ra7 65. Ke5 Ra5 66.
Rd6 Kg5 67. Ke6 Ra2 68. Kf7 Ra7+ 69. Ne7 Kh5 70. Kf6 g5 71. Rd1 Ra6+ 72. Kg7
1-0

[Event "New York International"]
[Site "New York"]
[Date "1984.??.??"]
[Round "6"]
[White "Adorjan, Andras"]
[Black "Wilder, Michael"]
[Result "1-0"]
[WhiteElo "2570"]
[BlackElo "2435"]
[PlyCount "67"]
[EventDate "1984.04.??"]
[EventType "swiss"]
[EventRounds "9"]
[EventCountry "USA"]
[Source "ChessBase"]
[SourceDate "1999.07.01"]
[WhiteTeamCountry "URS"]
[BlackTeamCountry "HUN"]

1. c4 e6 2. Nc3 d5 3. d4 c5 4. cxd5 exd5 5. Nf3 Nf6 6. Bg5 Be6 7. e3 Nc6 8. Be2
h6 9. Bh4 Be7 10. dxc5 Qa5 11. O-O Qxc5 12. Rc1 Qa5 13. a3 O-O 14. Na4 Rac8 15.
b4 Qd8 16. Nc5 b6 17. Nxe6 fxe6 18. Qa4 Nb8 19. Qxa7 Rxc1 20. Rxc1 Bd6 21. Bxf6
Rxf6 22. Qb7 Rf8 23. g3 Qf6 24. Qxb6 Be5 25. Qb7 Rf7 26. Rc8+ Kh7 27. Qxf7 Qxf7
28. Nxe5 Qb7 29. Rf8 Qb6 30. Bd3+ g6 31. Bxg6+ Kg7 32. Rf7+ Kh8 33. Ng4 e5 34.
Rh7+ 1-0

[Event "New York International"]
[Site "New York"]
[Date "1984.??.??"]
[Round "7"]
[White "Zuckerman, Bernard"]
[Black "Adorjan, Andras"]
[Result "0-1"]
[WhiteElo "2490"]
[BlackElo "2570"]
[PlyCount "82"]
[EventDate "1984.04.??"]
[EventType "swiss"]
[EventRounds "9"]
[EventCountry "USA"]
[Source "ChessBase"]
[SourceDate "1999.07.01"]
[WhiteTeamCountry "URS"]
[BlackTeamCountry "HUN"]

1. e4 c5 2. Nf3 e6 3. c3 b6 4. d4 Bb7 5. Bd3 Nf6 6. Nbd2 cxd4 7. cxd4 Be7 8.
O-O O-O 9. Re1 d6 10. a3 Nbd7 11. e5 dxe5 12. dxe5 Ng4 13. Qc2 Rc8 14. Qb1 Bc5
15. Re2 Bxf2+ 16. Rxf2 Nxf2 17. Kxf2 Nxe5 18. Be2 Ng4+ 19. Kg1 b5 20. Qd3 Qc7
21. h3 Rfd8 22. Qxb5 Ne3 23. Qg5 Nc2 24. Rb1 Qb6+ 25. Kh2 Qf2 26. Bd1 Ne3 27.
Bb3 Rd7 28. Qg3 Qxg3+ 29. Kxg3 Rdc7 30. Kf2 Nf5 31. Nc4 Rxc4 32. Bxc4 Rxc4 33.
Nd2 Rc2 34. g4 Nd4 35. b4 e5 36. b5 h6 37. a4 Be4 38. Ke3 Bg6 39. Ra1 Rc3+ 40.
Kf2 Rxh3 41. Kg2 Rc3 0-1